Predčasné parlamentné voľby v Japonsku

Systém japonskej pošty. Privatizácia pošty ako hlavná téma zápasu o vládu na politickej scéne Japonska. Predčasné voľby (11.9.2005) ako vyjdrenie súhlasu, resp. nesúhlasu s hospodárskymi reformami. Víťazstvo liberálno-demokratickej strany a hospodársky rast krajiny.

Gespeichert in:
Bibliographische Detailangaben
1. Verfasser: Hromý, Bruno
Format: Buchkapitel
Sprache:Slowakisch
Schlagworte:
Tags: Tag hinzufügen
Keine Tags, Fügen Sie das erste Tag hinzu!

MARC

LEADER 00000naa$a2200000$$$4500
001 0053034
005 20240502071618.6
041 0 |a slo 
044 |a SK 
245 1 0 |a Predčasné parlamentné voľby v Japonsku  |c Bruno Hromý 
520 |a Systém japonskej pošty. Privatizácia pošty ako hlavná téma zápasu o vládu na politickej scéne Japonska. Predčasné voľby (11.9.2005) ako vyjdrenie súhlasu, resp. nesúhlasu s hospodárskymi reformami. Víťazstvo liberálno-demokratickej strany a hospodársky rast krajiny. 
610 2 0 |a voľby 
610 2 0 |a výsledky volebné 
610 2 0 |a politika 
610 2 0 |a strany politické 
610 2 0 |a privatizácia 
610 2 0 |a reformy hospodárske 
610 2 0 |a pošty 
610 2 0 |a Japonsko 
100 1 |a Hromý, Bruno